000 00376nam a2200133Ia 4500
008 151001s9999||||xx |||||||||||||| ||und||
100 _aसुमन शंभू
245 _aनशा मादकता से मौत तक
250 _a1
260 _bमित्तल बुक एजन्सी
260 _c2009
300 _a152
365 _b21
999 _c994411
_d994408